Fray Luis de Granada o el clasicismo místico español
Gespeichert in:
| 1. Verfasser: | |
|---|---|
| Format: | Buch |
| Sprache: | Spanisch |
| Veröffentlicht: |
Ciudad de México
Del Continente
1942
|
| Schlagworte: | |
| Tags: |
Tag hinzufügen
Keine Tags, Fügen Sie den ersten Tag hinzu!
|
MARC
| LEADER | 00000nam a2200000 a 4500 | ||
|---|---|---|---|
| 001 | UCI4621 | ||
| 003 | CL-VaPUC | ||
| 008 | 080125e19420000MX |||||||||||||||||spa|d | ||
| 082 | 0 | 4 | |a 922.2 |b SOL |2 21 |
| 100 | 0 | |a Solana y Gutiérrez, Mateo |e author |9 526603 | |
| 245 | 1 | 0 | |a Fray Luis de Granada o el clasicismo místico español |
| 300 | |a 161 p | ||
| 942 | |c BK | ||
| 945 | |d 20080125 00:00:00 |a rbrito | ||
| 260 | |a Ciudad de México |b Del Continente |c 1942 | ||
| 500 | |a Donación Padres Capuchinos | ||
| 600 | 0 | 7 | |a FRAY LUIS DE GRANADA |2 CL-VaPUC |9 526604 |
| 650 | 0 | |a Biografías |9 255210 | |
| 650 | 0 | |a Vida religiosa |9 257284 | |
| 650 | 0 | |a Espiritualidad |9 267331 | |
| 583 | |a last modification |c 20080125 00:00:00 |k Rodrigo Vera | ||
| 999 | |c 328525 |d 328523 | ||
| 952 | |0 0 |1 0 |4 0 |6 922_200000000000000_SOL_1942 |7 0 |8 X |9 412455 |a FDOBUD |b FDOBUD |d 2019-11-22 |i 4404920 |o 922.2 SOL 1942 |p 4404920 |r 2019-11-22 |w 2019-11-22 |y BK_X |k BUD | ||